Human resource management in a business context

Αποθηκεύτηκε σε:
Λεπτομέρειες βιβλιογραφικής εγγραφής
Κύριος συγγραφέας: Price, Alan
Μορφή: Βιβλίο
Γλώσσα:English
Δημοσίευση: London : Thomson, c2004
Έκδοση:2nd ed.
Θέματα:
Ετικέτες: Προσθήκη ετικέτας
Δεν υπάρχουν, Καταχωρήστε ετικέτα πρώτοι!

MARC

LEADER 00000nam a2200000 i 4500
001 1/72581
008 050303s2004 eng d
020 |a 1-8615-2966-X 
035 |l 10076859 
040 |a GR-MY-UA  |b gre  |e aacr 
041 0 |a eng 
082 0 |a 658.31  |2 (21) 
100 1 |a Price, Alan. 
245 1 0 |a Human resource management in a business context /  |c Alan Price 
250 |a 2nd ed. 
260 |a London :   |b Thomson,   |c c2004 
300 |a xix, 745 σ.;  |b εικ.;  |c 26 εκ. 
504 |a Περιλαμβάνει βιβλιογραφία και ευρετήριο 
650 0 0 |a Personnel management. 
852 |a INST  |b CHIOS  |e 20050303  |h 658.31 PRI  |p 005200021810  |q 005200021810  |t BK  |y 0 
901 |a BIBL2-2005-1 
909 |a Χ  |b 113061 
920 |a ΔΙΕΥΡΥΝΣΗ  |b ΕΠΕΑΕΚ-ΤΜΟΔ  |y ΧΙΟΣ  |z 2004-12 
970 |a ΧΑΖΙΡΗ  |b ΑΝΝΑ  |z 2005/03/03